00355nam a2200145Ia 4500008004100000020001500041041001200056082001100068100001900079245006200098250000800160260002500168300000800193650000800201221030s9999 xx 000 0 und d a0070473553 aEnglish a105.23 aR. S. Khandpur 0aHandbook of Biomedical Instrumentationcby R. S. Khandpur a2nd bTMHaNew Delhic2009 a924 aECE